000 02864cam a2200289 i 4500
003 URS
005 20221125082330.0
008 220830s2022 fi o ||| 0 eng d
040 _aYDX
_beng
_cYDX
_dJSTOR
_dHTM
_cURS
020 _a9523690736
_q(electronic bk.)
020 _a9789523690738
_q(electronic bk.)
050 4 _aDL1018
_b.F566 2022
245 0 0 _aFinnishness, whiteness and coloniality /
_cEdited by Josephine Hoegaerts, Tuire Liimatainen, Laura Hekanaho and Elizabeth Peterson
250 _aFirst Edition
260 _aHelsinki :
_bHelsinki University Press,
_c2022.
300 _a1 online resource (x, 362 pages)
336 _atext
_btxt
_2rdacontent
337 _acomputer
_bc
_2rdamedia
338 _aonline resource
_bcr
_2rdacarrier
520 _aThis multidisciplinary volume reflects the shifting experiences and framings of Finnishness and its relation to race and coloniality. The authors centre their investigations on whiteness and unravel the cultural myth of a normative Finnish (white) ethnicity. Rather than presenting a unified definition for whiteness, the book gives space to the different understandings and analyses of its authors. This collection of case-studies illuminates how Indigenous and ethnic minorities have participated in defining notions of Finnishness, how historical and recent processes of migration have challenged the traditional conceptualisations of the nation-state and its population, and how imperial relationships have contributed to a complex set of discourses on Finnish compliance and identity.With an aim to question and problematise what may seem self-evident aspects of Finnish life and Finnishness, expert voices join together to offer (counter) perspectives on how Finnishness is constructed and perceived. Scholars from cultural studies, history, sociology, linguistics, genetics, among others, address four main topics: 1) Imaginations of Finnishness, including perceived physical characteristics of Finnish people; 2) Constructions of whiteness, entailing studies of those who do and do not pass as white; 3) Representations of belonging and exclusion, making up of accounts of perceptions of what it means to be 'Finnish'; and 4) Imperialism and colonisation, including what might be considered uncomfortable or even surprising accounts of inclusion and exclusion in the Finnish context.This volume takes a first step in opening up a complex set of realities that define Finland's changing role in the world and as a home to diverse populations.
590 _aJSTOR
_bBooks at JSTOR Open Access
650 0 _aNational characteristics, Finnish.
_0http://id.loc.gov/authorities/subjects/sh85089975
650 0 _aEthnology
_zFinland.
_0http://id.loc.gov/authorities/subjects/sh85045273
856 4 0 _uhttps://www.jstor.org/stable/10.2307/j.ctv2vm3bb6
942 _2lcc
_cE-BOOK
994 _a92
_bPHURS
999 _c60066
_d60066